Pháp luật về hóa đơn giá trị gia tăng – thực trạng và giải pháp : Luận văn thạc sỹ Luật học chuyên ngành: Luật kinh tế

Mục đích nghiên cứu đề tài là tìm ra các luận cứ khoa học; phân tích, đánh giá về hóa đơn GTGT trong giai đoạn hiện nay ở nước ta và đi sâu vào nghiên cứu, đánh giá các quy định hiện hành, cũng như thực tiễn áp dụng pháp luật và quy định phá...

Descrición completa

Gardado en:
Detalles Bibliográficos
Autor Principal: Nguyễn, Thị Như Ngọc
Formato: Libro
Idioma:Undetermined
Publicado: Cần Thơ Trường Đại học Cần Thơ 2018
Những chủ đề:
Các nhãn: Engadir etiqueta
Sen Etiquetas, Sexa o primeiro en etiquetar este rexistro!
Thư viện lưu trữ: Trung tâm Học liệu Trường Đại học Cần Thơ
LEADER 01739nam a2200241Ia 4500
001 CTU_228330
008 210402s9999 xx 000 0 und d
082 |a 343.597034 
082 |b Ng419 
088 |a 60380107 
100 |a Nguyễn, Thị Như Ngọc 
245 0 |a Pháp luật về hóa đơn giá trị gia tăng – thực trạng và giải pháp : 
245 0 |b Luận văn thạc sỹ Luật học chuyên ngành: Luật kinh tế 
245 0 |c Nguyễn Thị Như Ngọc ; Lê Thị Nguyệt Châu (hướng dẫn khoa học) 
260 |a Cần Thơ 
260 |b Trường Đại học Cần Thơ 
260 |c 2018 
520 |a Mục đích nghiên cứu đề tài là tìm ra các luận cứ khoa học; phân tích, đánh giá về hóa đơn GTGT trong giai đoạn hiện nay ở nước ta và đi sâu vào nghiên cứu, đánh giá các quy định hiện hành, cũng như thực tiễn áp dụng pháp luật và quy định pháp luật về hóa đơn GTGT. Qua đó, chỉ rõ những hạn chế, vướng mắc, bất cập trong các quy định hiện hành, đặc biệt là về quản lý, sử dụng, xử lý vi phạm về hóa đơn GTGT; tìm ra nguyên nhân và kiến nghị sửa đổi, bổ sung một số quy định và trong qúa trình áp dụng pháp luật trên phạm vi cả nước. 
650 |a Thuế,Taxation 
650 |x Luật và pháp luật,Law and legislation 
650 |z Việt Nam,Vietnam 
910 |b dqhieu 
980 |a Trung tâm Học liệu Trường Đại học Cần Thơ